000 00542nam a2200181 i 4500
001 91108
003 ES-MaACL
005 20230906180637.0
007 t|
008 050127q19001950sp ||||1| spa d
100 1 _aLeone, Enrico.
_971679
245 1 3 _aEl sindicalismo /
_cEnrico Leone ; traducción del italiano por José Sánchez Rojas.
260 _aMadrid :
_b[s.n.,
_c19-?] (
_fSuc. Rivadeneyra)
300 _a230 p. ;
_c19 cm.
700 1 _aSánchez Rojas, José.
_9102895
852 _aES-MaACL
_jF-13876
852 _aES-MaACL
_jF-4641
999 _c91108
_d91108